| 000 | 00607nac a22001691u 4500 | ||
|---|---|---|---|
| 020 | _a8170083117 | ||
| 082 |
_a621.2 _bB2196 |
||
| 090 |
_c794 _d794 |
||
| 100 | _aBansal, R. K. | ||
| 245 |
_a A Text book of fluid mechanics and hydraulic machanics _cR. K. Bansal. |
||
| 260 |
_aNew Delhi : _b Lamxi publications, _c2003. |
||
| 300 |
_a1006 p. : _bcol. ill .; _c24 cm. |
||
| 500 | _aIncludes index. | ||
| 610 | _aHydraulic machinery. | ||
| 942 |
_cBB _k621.2B2196 |
||
| 999 |
_c794 _d794 |
||